000 00824nam0a22002411 4500
001 rc\818848
005 20250622003039.0
035 _a(NLR Aleph) 006001602
090 _a7234554
_c7234554
100 _a20041129d1983 |||y0rusy50 ca
101 0 _arus
102 _aRU
105 _ay |||||||||
200 1 _aГлубокий пласт
_eРоман
_fШамиль Бикчурин
_gАвториз. пер. с татар. Ю. Сбитнева
210 _aМ.
_cСовременник
_d1983
215 _a255 с.
_d21
225 1 _aНовинки "Современника"
700 1 _7ca
_8rus
_aБикчурин
_bШ. М.
_f1928-1991
_gШамиль Мутыгуллович
_9202462
_3RU\NLR\AUTH\770202513
801 0 _aRU
_bNLR
_gpsbo
801 1 _aRU
_bELAR
_2rusmarc
852 _aNLR
_j83-3/9198
942 _cBOOK
980 _aNB